000 00330nam a22001337a 4500
008 181018b xxu||||| |||| 00| 0 eng d
020 _a2801883097105
041 _aeng
080 _a574
100 _a9
101 _aMJE
245 _a57 Ways To PrOTECT yOur Home Environment And Yourdself
_cLnad.t
942 _2udc
_cBK
999 _c50150
_d50150